000 00501nam a2200193Ia 4500
005 20260429112133.0
008 260429s9999||||xx |||||||||||||| ||und||
020 _a9781041051664
041 _aEnglish
082 _a338.4791
_bWEA
100 _aWeaver, David
245 0 _aSustainable tourism :
_btheory and practice /
_cDavid Weaver
250 _a1st ed.
260 _aLondon :
_bRoutledge,
_c2025.
300 _axv, 240 p.; pbk
650 _a Sustainable
650 _aTourism
942 _cTB
999 _c52537
_d52537